000 00227nam a2200097Ia 4500
008 120527s9999 xx 000 0 und d
100 _aSANTROCK,W.John
245 _aLife-span development.
260 _bW.C.B&Brown.
942 _cBK
999 _c23922
_d23922